000
00181nam a2200085 4500
001
1258046
005
20260226085139.0
245
_a
ZÜRAFA BERBERİ
_c
CANSU ERKAN
260
_b
HEP KİTAP
999
_c
1258046
_d
1258046